| 000 | 00544nam a2200181Ia 4500 | ||
|---|---|---|---|
| 008 | 100917s9999 xx 000 0 und d | ||
| 082 | _b27600 | ||
| 100 | _aक्षीरसागर ह. म. | ||
| 245 | _aऍलोपॅशिची भाग 4 | ||
| 260 | _bसाठवणे प्रकाशन | ||
| 300 | _a288 | ||
| 365 | _b15 | ||
| 520 | _aवैद्यक | ||
| 630 | _aऍलोपॅशिची भाग 4 | ||
| 650 | _aवैद्यक | ||
| 730 | _aऍलोपॅशिची भाग 4 | ||
| 942 | _cBOOK | ||
| 999 |
_c632994 _d632991 |
||